00223nam a22001097a 4500020001800000082001200018100001700030245002800047250000600075260002300081300000900104 a9788126514427 a530 WAL aWalker Jearl aFundamentals of Physics a8 aIndiabWileyc2011 a1300